| 000 | nam a22 a 4500 | ||
|---|---|---|---|
| 999 |
_c145225 _d145225 |
||
| 003 | BLK | ||
| 005 | 20230126155824.0 | ||
| 008 | 180410b bul|||||r ||||||| ||bul|| | ||
| 010 | _aKNG00151398000 | ||
| 040 | _aBLK | ||
| 041 |
_aBUL _cBUL |
||
| 080 |
_aРуска литература _b821.161.1 _x-93-32 _z821.161.1-93-32 |
||
| 080 |
_aЕстонска литература _b821.511.113 _x-93-32 _z821.511.113-93-32 |
||
| 100 | 1 |
_aРауд, Ено _eпърви автор _9115364 |
|
| 139 |
_aРауд, Ено _bР 38 |
||
| 245 | 1 | 0 |
_aПламъци в затъмнения град _bПовест за деца _cЕно Рауд; прев. от рус. Славка Николова. |
| 257 | _aEST | ||
| 260 |
_aСофия _bНар. младеж _c1973 |
||
| 300 |
_a159 с. _bс ил. _c20 см |
||
| 380 | _aDX | ||
| 500 | _aОриг. загл. на ест. ез. ; Прев. от рус. изд. Огонь в затемненном городе. - 20 125 тир. | ||
| 653 | _aдетска литература | ||
| 653 | _aлитература за деца | ||
| 700 | 1 |
_aНиколова, Славка _eпрев. от рус. _9328600 |
|
| 852 | _aЦб 262624 | ||
| 856 | 4 |
_qpdf _i0.46 _ldisable |
|
| 856 | 4 |
_qpdf _i0.46 _ldisable |
|
| 942 |
_cKNG _n0 _s1 |
||
| 944 |
_aCR _c04.10.2013 _l04.10.2013 - от С1,Р / 04.10.2013 _kИвайло_Василев |
||
| 944 |
_aED _c20.09.2017 _l04.10.2013 - от С1,Р / 04.10.2013 _kКети_Илиева |
||
| 999 | _d145225 | ||
| 999 | _d145225 | ||